La Fiscalidad inmobiliaria en la hacienda local
ISBN:
84-505-9253-4
Descripción Física:
375 p. ; 21 cm
Colección:
Temas de administración local ; 34
MARC
| LEADER | 00000nam a2200000Ia 4500 | ||
|---|---|---|---|
| 001 | 18438 | ||
| 003 | BGR | ||
| 005 | 20260324175234.0 | ||
| 008 | 160829s1990 xx 000 0 cat d | ||
| 020 | |a 84-505-9253-4 | ||
| 080 | |a M-5-321 | ||
| 111 | |a Jornadas de Estudios de Haciendas Locales |9 71226 |c (Torremolinos : |d 1989) | ||
| 245 | |a La Fiscalidad inmobiliaria en la hacienda local | ||
| 260 | |a Granada : |b Centro de Estudios Municipales y de Cooperación Interprovincial, |c 1990 | ||
| 300 | |a 375 p. ; |c 21 cm | ||
| 490 | |a Temas de administración local ; 34 | ||
| 590 | |a Conferències pronunciades en les II Jornadas de estudios de haciendas locales, celebrades a Torremolinos (Màlaga) del 27 al 29 d'abril de 1989 | ||
| 650 | |a Impostos immobiliaris |x Congressos |x Espanya |9 22686 | ||
| 650 | |a Impostos locals |x Congressos |x Espanya |9 22687 | ||
| 700 | |a Centro de Estudios Municipales y de Cooperación Interprovincial |9 22688 | ||
| 901 | |a Arxiu | ||
| 942 | |n 1 |2 udc |c JC | ||
| 952 | |0 0 |1 0 |4 0 |6 M5321 |7 1 |9 42294 |a Arxiu |b Arxiu |d 2016-12-01 |l 0 |o M-5-321 |p 18438 |r 2016-12-01 00:00:00 |w 2016-12-01 |y ARXIU | ||
| 999 | |c 44772 |d 44772 | ||